[Event "Olongapo City Puregold op-B"]
[Site "Olongapo City"]
[Date "2015.11.20"]
[Round "7"]
[White "Baling, Aerronne"]
[Black "Peligro, Israel"]
[Result "1/2-1/2"]
[WhiteElo "1857"]
[BlackElo "1766"]
[PlyCount "92"]
[EventDate "2015.11.17"]
[EventType "swiss"]
[EventRounds "9"]
[EventCountry "PHI"]
[SourceTitle "EXT 2017"]
[Source "ChessBase"]
[SourceDate "2016.10.25"]
[SourceVersion "1"]
[SourceVersionDate "2016.10.25"]
[SourceQuality "1"]

1. d4 Nf6 2. c4 g6 3. Nc3 Bg7 4. Nf3 d6 5. Bf4 0-0 6. e3 Nc6 7. Be2 Bf5 8. 0-0 Re8 9. d5 Nb4 10. a3 Na6 11. Bd3 Bxd3 12. Qxd3 Nc5 13. Qc2 e5 14. dxe6 Nxe6 15. Bg3 Nc5 16. Bh4 Qd7 17. Bxf6 Bxf6 18. Rad1 c6 19. b4 Bxc3 20. bxc5 Be5 21. cxd6 b6 22. Rd3 c5 23. Rfd1 Bf6 24. Rd5 h6 25. h3 Re6 26. R1d3 Rae8 27. Nd2 Bg7 28. Nb1 Bf8 29. Nc3 a6 30. Qa4 Qxa4 31. Nxa4 Rd8 32. Nxb6 Rexd6 33. Rxd6 Rxd6 34. Rxd6 Bxd6 35. Kf1 f5 36. Ke2 Kf7 37. Kd3 Ke6 38. Nd5 a5 39. a4 h5 40. Nf4+ Bxf4 41. exf4 h4 42. g3 Kf6 43. Ke3 Kg7 44. Kf3 Kh6 45. gxh4 Kh5 46. Kg3 Kh6 1/2-1/2

[Event "Olongapo City Puregold op-B"]
[Site "Olongapo City"]
[Date "2015.11.17"]
[Round "2"]
[White "Rivera, Jessica"]
[Black "Baling, Aerronne"]
[Result "1-0"]
[WhiteElo "1666"]
[BlackElo "1857"]
[PlyCount "47"]
[EventDate "2015.11.17"]
[EventType "swiss"]
[EventRounds "9"]
[EventCountry "PHI"]
[SourceTitle "EXT 2017"]
[Source "ChessBase"]
[SourceDate "2016.10.25"]
[SourceVersion "1"]
[SourceVersionDate "2016.10.25"]
[SourceQuality "1"]

1. e4 e5 2. Bc4 Nc6 3. Nf3 Bc5 4. c3 d6 5. b4 Bb6 6. a4 a5 7. b5 Nce7 8. Qb3 Nh6 9. d4 f6 10. Bxh6 gxh6 11. Bf7+ Kf8 12. Bh5 Ng6 13. Nh4 Qe8 14. dxe5 fxe5 15. Nf5 Qe6 16. Qd1 Nf4 17. g3 Qc4 18. Nxd6 Nd3+ 19. Ke2 Nc1+ 20. Kf3 Qc5 21. Nxc8 Qxf2+ 22. Kg4 Rg8+ 23. Kh3 Qb2 24. Qd7 1-0